[Event "DEM U16w 2023"]
[Site "Willingen GER"]
[Date "2023.05.30"]
[Round "4"]
[White "Petrosyan, Ani"]
[Black "Englert, Lin"]
[Result "1/2-1/2"]
[Termination "normal"]
[Board "11"]
[WhiteElo "1370"]
[BlackElo "1447"]
[WhiteClock "00:32:03"]
[BlackClock "00:16:44"]
[PlyCount "58"]
[WhiteFideId "16248015"]
[BlackFideId "16226410"]
[EventCountry "GER"]
[EventRounds "9"]
[EventType "swiss"]
[EventDate "2023.05.27"]

1. c4 {[%clk 01:30:54]} {[%emt 00:00:05]} e5 {[%clk 01:30:56]} {[%emt
00:00:05]} 2. d3 {[%clk 01:27:04]} {[%emt 00:04:20]} Nf6 {[%clk 01:29:26]}
{[%emt 00:02:00]} 3. Nc3 {[%clk 01:26:41]} {[%emt 00:00:53]} Nc6 {[%clk
01:28:56]} {[%emt 00:01:01]} 4. Nf3 {[%clk 01:26:21]} {[%emt 00:00:48]} h6
{[%clk 01:26:49]} {[%emt 00:02:38]} 5. g3 {[%clk 01:25:52]} {[%emt 00:00:59]}
d5 {[%clk 01:26:30]} {[%emt 00:00:49]} 6. cxd5 {[%clk 01:23:52]} {[%emt
00:02:31]} Nxd5 {[%clk 01:26:39]} {[%emt 00:00:21]} 7. Bg2 {[%clk 01:23:56]}
{[%emt 00:00:25]} Be6 {[%clk 01:25:49]} {[%emt 00:01:20]} 8. O-O {[%clk
01:23:44]} {[%emt 00:00:40]} Bd6 {[%clk 01:21:36]} {[%emt 00:04:45]} 9. Bd2
{[%clk 01:22:42]} {[%emt 00:01:30]} O-O {[%clk 01:20:29]} {[%emt 00:01:39]} 10.
a3 {[%clk 01:15:16]} {[%emt 00:07:56]} a6 {[%clk 01:11:52]} {[%emt 00:09:06]}
11. Qc2 {[%clk 01:11:51]} {[%emt 00:03:55]} Qd7 {[%clk 01:03:45]} {[%emt
00:08:38]} 12. Rfc1 {[%clk 01:09:27]} {[%emt 00:02:52]} Nxc3 {[%clk 00:57:35]}
{[%emt 00:06:41]} 13. bxc3 {[%clk 01:05:43]} {[%emt 00:04:13]} Bh3 {[%clk
00:53:36]} {[%emt 00:04:28]} 14. Bh1 {[%clk 01:03:57]} {[%emt 00:02:17]} Rab8
{[%clk 00:47:13]} {[%emt 00:06:55]} 15. Be3 {[%clk 01:01:44]} {[%emt 00:02:41]}
Qe7 {[%clk 00:43:09]} {[%emt 00:04:35]} 16. Rcb1 {[%clk 00:54:56]} {[%emt
00:07:17]} Bc5 {[%clk 00:35:39]} {[%emt 00:08:02]} 17. Bxc5 {[%clk 00:49:11]}
{[%emt 00:06:14]} Qxc5 {[%clk 00:35:58]} {[%emt 00:00:10]} 18. Nd2 {[%clk
00:48:25]} {[%emt 00:01:15]} Nd4 {[%clk 00:29:51]} {[%emt 00:06:39]} 19. Qd1
{[%clk 00:46:03]} {[%emt 00:02:51]} Nb5 {[%clk 00:28:35]} {[%emt 00:01:48]} 20.
Ne4 {[%clk 00:44:31]} {[%emt 00:02:01]} Qe7 {[%clk 00:27:17]} {[%emt 00:01:47]}
21. a4 {[%clk 00:43:23]} {[%emt 00:01:39]} Na7 {[%clk 00:26:06]} {[%emt
00:01:41]} 22. Qc1 {[%clk 00:41:51]} {[%emt 00:02:01]} a5 {[%clk 00:21:24]}
{[%emt 00:05:13]} 23. Qe3 {[%clk 00:41:10]} {[%emt 00:01:12]} b6 {[%clk
00:21:36]} {[%emt 00:00:17]} 24. Nd2 {[%clk 00:40:04]} {[%emt 00:01:35]} Rfe8
{[%clk 00:20:02]} {[%emt 00:02:07]} 25. Nc4 {[%clk 00:38:21]} {[%emt 00:02:10]}
Qg5 {[%clk 00:17:34]} {[%emt 00:02:59]} 26. Qxg5 {[%emt 00:01:29]} hxg5 {[%emt
00:00:02]} 27. Rb2 {[%clk 00:36:26]} {[%emt 00:00:55]} Bd7 {[%clk 00:16:50]}
{[%emt 00:01:13]} 28. Rab1 {[%clk 00:34:09]} {[%emt 00:02:48]} Rbd8 {[%clk
00:16:58]} {[%emt 00:00:21]} 29. Ra1 {[%clk 00:32:03]} {[%emt 00:02:37]} Bc6
{[%clk 00:16:44]} {[%emt 00:00:43]} 1/2-1/2

[Event "DEM U16w 2023"]
[Site "Willingen GER"]
[Date "2023.05.30"]
[Round "4"]
[White "Reddi, Bhuvana"]
[Black "Rotärmel, Leonie"]
[Result "1/2-1/2"]
[Termination "normal"]
[Board "12"]
[WhiteElo "1735"]
[BlackElo "1606"]
[WhiteClock "00:16:44"]
[BlackClock "00:06:18"]
[PlyCount "92"]
[WhiteFideId "16287002"]
[BlackFideId "16281390"]
[EventCountry "GER"]
[EventRounds "9"]
[EventType "swiss"]
[EventDate "2023.05.27"]

1. e4 {[%clk 01:30:59]} {[%emt 00:00:04]} c6 {[%clk 01:30:50]} {[%emt
00:00:08]} 2. d4 {[%clk 01:31:22]} {[%emt 00:00:07]} d5 {[%clk 01:31:11]}
{[%emt 00:00:09]} 3. e5 {[%clk 01:31:44]} {[%emt 00:00:08]} c5 {[%clk
01:27:13]} {[%emt 00:04:29]} 4. c4 {[%clk 01:32:02]} {[%emt 00:00:11]} e6
{[%clk 01:24:05]} {[%emt 00:03:38]} 5. Nf3 {[%clk 01:29:39]} {[%emt 00:02:54]}
dxc4 {[%clk 01:21:51]} {[%emt 00:02:44]} 6. Bxc4 {[%clk 01:23:02]} {[%emt
00:07:06]} cxd4 {[%clk 01:05:22]} {[%emt 00:16:58]} 7. Qxd4 {[%clk 01:21:16]}
{[%emt 00:02:16]} Qxd4 {[%clk 01:00:03]} {[%emt 00:05:50]} 8. Nxd4 {[%clk
01:21:37]} {[%emt 00:00:08]} a6 {[%clk 00:58:24]} {[%emt 00:02:10]} 9. Nc3
{[%clk 01:21:05]} {[%emt 00:01:02]} b5 {[%clk 00:50:10]} {[%emt 00:08:43]} 10.
Bd3 {[%clk 01:15:32]} {[%emt 00:06:02]} Bb7 {[%clk 00:49:28]} {[%emt 00:01:14]}
11. O-O {[%clk 01:11:52]} {[%emt 00:04:09]} Ne7 {[%clk 00:40:04]} {[%emt
00:09:57]} 12. a3 {[%clk 01:05:50]} {[%emt 00:06:30]} Nd5 {[%clk 00:35:05]}
{[%emt 00:05:28]} 13. Nxd5 {[%clk 01:05:23]} {[%emt 00:00:59]} Bxd5 {[%clk
00:35:01]} {[%emt 00:00:34]} 14. Be3 {[%clk 01:04:31]} {[%emt 00:01:19]} Nd7
{[%clk 00:32:34]} {[%emt 00:02:58]} 15. f4 {[%clk 00:53:09]} {[%emt 00:11:52]}
Be7 {[%clk 00:21:54]} {[%emt 00:11:11]} 16. b4 {[%clk 00:47:23]} {[%emt
00:06:15]} O-O {[%clk 00:14:11]} {[%emt 00:08:13]} 17. Rac1 {[%clk 00:40:30]}
{[%emt 00:07:22]} Rfc8 {[%clk 00:11:20]} {[%emt 00:03:22]} 18. Ne2 {[%clk
00:35:58]} {[%emt 00:05:01]} Bd8 {[%clk 00:05:42]} {[%emt 00:06:08]} 19. Nc3
{[%clk 00:30:54]} {[%emt 00:05:34]} Bc4 {[%clk 00:02:22]} {[%emt 00:03:51]} 20.
Be4 {[%clk 00:07:08]} {[%emt 00:24:16]} Bxf1 {[%clk 00:02:31]} {[%emt
00:00:22]} 21. Bxa8 {[%clk 00:07:32]} {[%emt 00:00:05]} Rxa8 {[%clk 00:02:51]}
{[%emt 00:00:09]} 22. Kxf1 {[%clk 00:07:26]} {[%emt 00:00:35]} Rc8 {[%clk
00:01:07]} {[%emt 00:02:15]} 23. Rd1 {[%clk 00:02:02]} {[%emt 00:05:54]} Nb8
{[%clk 00:01:00]} {[%emt 00:00:37]} 24. Ne4 {[%clk 00:02:04]} {[%emt 00:00:27]}
Be7 {[%clk 00:00:56]} {[%emt 00:00:36]} 25. Nd6 {[%clk 00:02:02]} {[%emt
00:00:31]} Rd8 {[%clk 00:00:50]} {[%emt 00:00:38]} 26. Bc5 {[%clk 00:02:21]}
{[%emt 00:00:10]} Bxd6 {[%clk 00:01:02]} {[%emt 00:00:19]} 27. Rxd6 {[%clk
00:01:20]} {[%emt 00:01:30]} Rxd6 {[%clk 00:00:42]} {[%emt 00:00:51]} 28. Bxd6
{[%clk 00:00:54]} {[%emt 00:00:57]} Nc6 {[%clk 00:00:51]} {[%emt 00:00:20]} 29.
Bc5 {[%clk 00:00:50]} {[%emt 00:00:34]} h6 {[%clk 00:00:48]} {[%emt 00:00:34]}
30. Ke2 {[%clk 00:01:10]} {[%emt 00:00:09]} Kh7 {[%clk 00:01:01]} {[%emt
00:00:17]} 31. Kd3 {[%clk 00:01:25]} {[%emt 00:00:13]} Kg6 {[%clk 00:01:20]}
{[%emt 00:00:13]} 32. g4 {[%clk 00:01:19]} {[%emt 00:00:36]} h5 {[%clk
00:01:33]} {[%emt 00:00:19]} 33. h3 {[%clk 00:01:36]} {[%emt 00:00:12]} hxg4
{[%clk 00:01:54]} {[%emt 00:00:11]} 34. hxg4 {[%clk 00:01:55]} {[%emt
00:00:10]} f5 {[%clk 00:01:55]} {[%emt 00:00:29]} 35. exf6 {[%clk 00:01:59]}
{[%emt 00:00:25]} gxf6 {[%clk 00:00:59]} {[%emt 00:01:27]} 36. Ke4 {[%clk
00:01:03]} {[%emt 00:01:25]} Kf7 {[%clk 00:01:01]} {[%emt 00:00:28]} 37. Be3
{[%clk 00:00:41]} {[%emt 00:00:52]} Kg6 {[%clk 00:01:03]} {[%emt 00:00:28]} 38.
Bc5 {[%clk 00:00:50]} {[%emt 00:00:19]} Kf7 {[%clk 00:01:32]} {[%emt 00:00:04]}
39. Be3 {[%clk 00:00:38]} {[%emt 00:00:42]} Kg6 {[%clk 00:01:58]} {[%emt
00:00:04]} 40. Bb6 {[%clk 00:01:00]} {[%emt 00:00:07]} Kf7 {[%clk 00:02:17]}
{[%emt 00:00:13]} 41. Bg1 {[%clk 00:00:45]} {[%emt 00:00:43]} Kg6 {[%clk
00:02:27]} {[%emt 00:00:20]} 42. Bh2 {[%clk 00:00:33]} {[%emt 00:00:42]} Kf7
{[%clk 00:15:44]} {[%emt 00:17:13]} 43. f5 {[%clk 00:23:24]} {[%emt 00:07:39]}
Ke7 {[%clk 00:13:08]} {[%emt 00:03:07]} 44. Bf4 {[%clk 00:20:53]} {[%emt
00:03:02]} Kd7 {[%clk 00:11:53]} {[%emt 00:01:45]} 45. fxe6+ {[%clk 00:16:28]}
{[%emt 00:04:55]} Kxe6 {[%clk 00:12:02]} {[%emt 00:00:20]} 46. Bg3 {[%clk
00:16:44]} {[%emt 00:00:14]} a5 {[%clk 00:06:18]} {[%emt 00:06:16]} 1/2-1/2

[Event "DEM U16w 2023"]
[Site "Willingen GER"]
[Date "2023.05.30"]
[Round "4"]
[White "Heuberger, Sandra"]
[Black "Ulrich, Helena Irene"]
[Result "0-1"]
[Termination "normal"]
[Board "13"]
[WhiteElo "1196"]
[BlackElo "1609"]
[WhiteClock "00:44:09"]
[BlackClock "00:21:22"]
[PlyCount "120"]
[WhiteFideId "16232151"]
[BlackFideId "16256000"]
[EventCountry "GER"]
[EventRounds "9"]
[EventType "swiss"]
[EventDate "2023.05.27"]

1. d4 {[%clk 01:30:58]} {[%emt 00:00:03]} Nf6 {[%clk 01:30:56]} {[%emt
00:00:04]} 2. c4 {[%clk 01:31:19]} {[%emt 00:00:08]} g6 {[%clk 01:31:23]}
{[%emt 00:00:04]} 3. Nc3 {[%clk 01:31:41]} {[%emt 00:00:08]} Bg7 {[%clk
01:31:48]} {[%emt 00:00:04]} 4. e4 {[%clk 01:31:58]} {[%emt 00:00:13]} d6
{[%clk 01:32:15]} {[%emt 00:00:05]} 5. Nf3 {[%clk 01:32:07]} {[%emt 00:00:20]}
O-O {[%clk 01:32:35]} {[%emt 00:00:11]} 6. Be2 {[%clk 01:32:14]} {[%emt
00:00:23]} e5 {[%clk 01:31:51]} {[%emt 00:01:14]} 7. dxe5 {[%clk 01:32:12]}
{[%emt 00:00:32]} dxe5 {[%clk 01:32:15]} {[%emt 00:00:06]} 8. Qxd8 {[%clk
01:32:22]} {[%emt 00:00:19]} Rxd8 {[%clk 01:32:41]} {[%emt 00:00:04]} 9. Bg5
{[%clk 01:31:49]} {[%emt 00:01:04]} Re8 {[%clk 01:32:51]} {[%emt 00:00:21]} 10.
O-O-O {[%clk 01:30:57]} {[%emt 00:01:21]} c6 {[%clk 01:29:17]} {[%emt
00:04:04]} 11. Rd6 {[%clk 01:22:13]} {[%emt 00:09:13]} Nbd7 {[%clk 01:23:06]}
{[%emt 00:06:42]} 12. Rhd1 {[%clk 01:20:04]} {[%emt 00:02:38]} h6 {[%clk
01:17:10]} {[%emt 00:06:27]} 13. Bh4 {[%clk 01:19:14]} {[%emt 00:01:19]} g5
{[%clk 01:12:00]} {[%emt 00:05:40]} 14. Bg3 {[%clk 01:18:51]} {[%emt 00:00:54]}
Bf8 {[%clk 01:05:16]} {[%emt 00:07:13]} 15. R6d2 {[%clk 01:07:36]} {[%emt
00:11:42]} Nc5 {[%clk 00:46:55]} {[%emt 00:18:54]} 16. Bd3 {[%clk 00:56:54]}
{[%emt 00:11:12]} Bg4 {[%clk 00:41:56]} {[%emt 00:05:29]} 17. h3 {[%clk
00:55:19]} {[%emt 00:02:04]} Bh5 {[%clk 00:40:25]} {[%emt 00:02:01]} 18. Bc2
{[%clk 00:54:43]} {[%emt 00:01:07]} Bxf3 {[%clk 00:35:30]} {[%emt 00:05:26]}
19. gxf3 {[%clk 00:55:01]} {[%emt 00:00:11]} Nh5 {[%clk 00:35:24]} {[%emt
00:00:36]} 20. Bh2 {[%clk 00:54:29]} {[%emt 00:01:01]} Nf4 {[%clk 00:34:38]}
{[%emt 00:01:16]} 21. Bxf4 {[%clk 00:54:17]} {[%emt 00:00:43]} exf4 {[%clk
00:34:45]} {[%emt 00:00:24]} 22. Rg1 {[%clk 00:54:07]} {[%emt 00:00:38]} Rad8
{[%clk 00:33:07]} {[%emt 00:02:09]} 23. h4 {[%clk 00:53:59]} {[%emt 00:00:39]}
Rxd2 {[%clk 00:32:41]} {[%emt 00:00:55]} 24. Kxd2 {[%clk 00:53:57]} {[%emt
00:00:32]} Rd8+ {[%clk 00:32:29]} {[%emt 00:00:43]} 25. Ke2 {[%clk 00:52:21]}
{[%emt 00:02:06]} Ne6 {[%clk 00:31:24]} {[%emt 00:01:35]} 26. Ke1 {[%clk
00:48:09]} {[%emt 00:04:43]} Bg7 {[%clk 00:28:12]} {[%emt 00:03:42]} 27. hxg5
{[%clk 00:47:48]} {[%emt 00:00:50]} Nxg5 {[%clk 00:21:06]} {[%emt 00:07:36]}
28. Ke2 {[%clk 00:46:48]} {[%emt 00:01:29]} Ne6 {[%clk 00:18:55]} {[%emt
00:02:42]} 29. Ke1 {[%clk 00:43:18]} {[%emt 00:03:59]} Kh8 {[%clk 00:16:58]}
{[%emt 00:02:28]} 30. Rg4 {[%clk 00:42:09]} {[%emt 00:01:36]} Be5 {[%clk
00:14:05]} {[%emt 00:03:25]} 31. Bd1 {[%clk 00:30:21]} {[%emt 00:12:19]} Bxc3+
{[%clk 00:11:27]} {[%emt 00:03:07]} 32. bxc3 {[%clk 00:30:37]} {[%emt
00:00:15]} Rd3 {[%clk 00:11:49]} {[%emt 00:00:07]} 33. Ke2 {[%clk 00:27:05]}
{[%emt 00:04:03]} Rxc3 {[%clk 00:11:33]} {[%emt 00:00:46]} 34. Bb3 {[%clk
00:26:18]} {[%emt 00:01:17]} Nd4+ {[%clk 00:09:04]} {[%emt 00:02:58]} 35. Kf1
{[%clk 00:25:34]} {[%emt 00:01:15]} Rxf3 {[%clk 00:08:20]} {[%emt 00:01:14]}
36. Kg2 {[%clk 00:25:34]} {[%emt 00:00:28]} Kh7 {[%clk 00:06:23]} {[%emt
00:02:29]} 37. c5 {[%clk 00:25:01]} {[%emt 00:01:02]} f6 {[%clk 00:01:20]}
{[%emt 00:05:32]} 38. Bg8+ {[%clk 00:19:15]} {[%emt 00:06:17]} Kh8 {[%clk
00:00:47]} {[%emt 00:01:03]} 39. Bb3 {[%clk 00:18:14]} {[%emt 00:01:32]} Kh7
{[%clk 00:00:37]} {[%emt 00:00:41]} 40. Bg8+ {[%clk 00:17:37]} {[%emt
00:01:05]} Kh8 {[%clk 00:01:03]} {[%emt 00:00:05]} 41. Bb3 {[%clk 00:17:45]}
{[%emt 00:00:20]} Rc3 {[%clk 00:21:08]} {[%emt 00:10:27]} 42. Rxf4 {[%clk
00:47:12]} {[%emt 00:01:01]} Rxc5 {[%clk 00:21:01]} {[%emt 00:00:37]} 43. Rxf6
{[%clk 00:47:04]} {[%emt 00:00:39]} Nxb3 {[%clk 00:21:16]} {[%emt 00:00:14]}
44. axb3 {[%clk 00:47:14]} {[%emt 00:00:21]} Kg7 {[%clk 00:21:43]} {[%emt
00:00:03]} 45. Rf3 {[%clk 00:46:22]} {[%emt 00:01:22]} Rg5+ {[%clk 00:20:55]}
{[%emt 00:01:19]} 46. Rg3 {[%clk 00:46:04]} {[%emt 00:00:48]} Rxg3+ {[%clk
00:18:35]} {[%emt 00:02:51]} 47. Kxg3 {[%clk 00:46:25]} {[%emt 00:00:09]} a5
{[%clk 00:19:04]} {[%emt 00:00:01]} 48. f4 {[%clk 00:44:00]} {[%emt 00:02:54]}
b5 {[%clk 00:18:56]} {[%emt 00:00:40]} 49. e5 {[%clk 00:43:25]} {[%emt
00:01:03]} a4 {[%clk 00:19:04]} {[%emt 00:00:22]} 50. bxa4 {[%clk 00:41:28]}
{[%emt 00:02:26]} bxa4 {[%clk 00:19:30]} {[%emt 00:00:04]} 51. e6 {[%clk
00:41:48]} {[%emt 00:00:10]} a3 {[%clk 00:19:47]} {[%emt 00:00:13]} 52. e7
{[%clk 00:42:06]} {[%emt 00:00:12]} Kf7 {[%clk 00:20:13]} {[%emt 00:00:05]} 53.
Kg4 {[%clk 00:42:15]} {[%emt 00:00:20]} Kxe7 {[%clk 00:20:17]} {[%emt
00:00:26]} 54. Kh5 {[%clk 00:42:37]} {[%emt 00:00:06]} a2 {[%clk 00:20:41]}
{[%emt 00:00:07]} 55. Kxh6 {[%clk 00:43:02]} {[%emt 00:00:04]} a1=Q {[%clk
00:21:04]} {[%emt 00:00:07]} 56. Kg5 {[%clk 00:43:21]} {[%emt 00:00:11]} Qf1
{[%clk 00:20:54]} {[%emt 00:00:41]} 57. f5 {[%clk 00:43:45]} {[%emt 00:00:07]}
Qf3 {[%clk 00:20:52]} {[%emt 00:00:31]} 58. Kg6 {[%clk 00:44:00]} {[%emt
00:00:16]} Qg4+ {[%clk 00:21:00]} {[%emt 00:00:22]} 59. Kh6 {[%clk 00:43:50]}
{[%emt 00:00:40]} Kf6 {[%clk 00:21:22]} {[%emt 00:00:08]} 60. Kh7 {[%clk
00:44:09]} {[%emt 00:00:13]} Qg7+ {[%emt 00:00:04]} 0-1

[Event "DEM U16w 2023"]
[Site "Willingen GER"]
[Date "2023.06.01"]
[Round "7"]
[White "Voigt, Anastasia"]
[Black "Hubert, Charlotte"]
[Result "1/2-1/2"]
[Termination "normal"]
[Board "1"]
[WhiteElo "1821"]
[BlackElo "1842"]
[WhiteClock "00:14:25"]
[BlackClock "00:07:25"]
[PlyCount "100"]
[WhiteFideId "16235223"]
[BlackFideId "16265920"]
[EventCountry "GER"]
[EventRounds "9"]
[EventType "swiss"]
[EventDate "2023.05.27"]

1. e4 {[%emt 00:00:11]} c5 2. Nf3 {[%clk 01:31:20]} {[%emt 00:00:04]} d6 {[%clk
01:31:17]} {[%emt 00:00:07]} 3. d4 {[%clk 01:31:47]} {[%emt 00:00:04]} cxd4
{[%clk 01:31:44]} {[%emt 00:00:04]} 4. Nxd4 {[%clk 01:32:13]} {[%emt 00:00:03]}
Nf6 {[%clk 01:32:04]} {[%emt 00:00:09]} 5. Nc3 {[%clk 01:32:39]} {[%emt
00:00:04]} a6 {[%clk 01:32:30]} {[%emt 00:00:04]} 6. Be3 {[%clk 01:33:02]}
{[%emt 00:00:07]} e5 {[%clk 01:32:55]} {[%emt 00:00:06]} 7. Nf3 {[%clk
01:33:12]} {[%emt 00:00:19]} Be7 {[%clk 01:33:07]} {[%emt 00:00:19]} 8. Bc4
{[%clk 01:33:36]} {[%emt 00:00:06]} Nc6 {[%clk 01:31:36]} {[%emt 00:02:01]} 9.
O-O {[%clk 01:32:21]} {[%emt 00:01:44]} O-O {[%clk 01:31:21]} {[%emt 00:00:46]}
10. Qe2 {[%clk 01:26:41]} Qc7 {[%clk 01:25:03]} {[%emt 00:12:58]} 11. Bb3
{[%clk 01:24:10]} Be6 {[%clk 01:19:37]} {[%emt 00:08:55]} 12. Rfd1 {[%clk
01:23:55]} Rac8 {[%clk 01:07:03]} {[%emt 00:13:51]} 13. Bg5 {[%clk 01:19:10]}
Na5 {[%clk 01:02:07]} {[%emt 00:10:41]} 14. Bxf6 {[%clk 01:07:32]} Bxf6 {[%clk
01:02:28]} {[%emt 00:12:17]} 15. Nd5 {[%clk 00:58:30]} Bxd5 {[%clk 01:02:40]}
{[%emt 00:09:49]} 16. Rxd5 {[%clk 00:58:26]} Nxb3 {[%clk 00:46:08]} {[%emt
00:17:35]} 17. cxb3 {[%clk 00:58:46]} Rfd8 {[%clk 00:42:15]} {[%emt 00:04:33]}
18. h3 {[%clk 00:55:14]} Qc6 {[%clk 00:35:33]} {[%emt 00:11:13]} 19. Rad1
{[%clk 00:49:54]} Rd7 {[%clk 00:32:33]} {[%emt 00:09:21]} 20. Qd2 {[%clk
00:47:47]} Rcd8 {[%clk 00:30:07]} {[%emt 00:05:33]} 21. Rc1 {[%clk 00:45:56]}
Qb6 {[%clk 00:30:09]} {[%emt 00:02:48]} 22. Rc4 {[%clk 00:45:31]} Rc7 {[%clk
00:25:00]} {[%emt 00:06:36]} 23. Rxc7 {[%clk 00:34:43]} Qxc7 {[%clk 00:25:24]}
{[%emt 00:11:23]} 24. Qc3 {[%clk 00:35:04]} Qxc3 {[%clk 00:17:47]} {[%emt
00:08:16]} 25. bxc3 {[%clk 00:35:25]} Be7 {[%clk 00:17:09]} {[%emt 00:01:17]}
26. c4 {[%clk 00:34:58]} Rc8 {[%clk 00:17:03]} {[%emt 00:01:34]} 27. Kf1 {[%emt
00:02:54]} Rc6 {[%clk 00:16:22]} 28. Ke2 {[%clk 00:33:23]} {[%emt 00:00:50]} f6
{[%clk 00:15:52]} {[%emt 00:01:01]} 29. Nd2 {[%clk 00:32:33]} {[%emt 00:01:18]}
Bd8 {[%clk 00:14:55]} {[%emt 00:01:29]} 30. Nf1 {[%clk 00:27:43]} {[%emt
00:05:20]} Bb6 {[%clk 00:14:11]} {[%emt 00:01:15]} 31. Ne3 {[%clk 00:28:05]}
{[%emt 00:00:07]} g6 {[%clk 00:13:36]} {[%emt 00:01:06]} 32. Nc2 {[%clk
00:24:43]} {[%emt 00:03:49]} a5 {[%clk 00:08:57]} {[%emt 00:05:12]} 33. f3
{[%clk 00:21:14]} {[%emt 00:03:59]} Kf7 {[%clk 00:08:47]} {[%emt 00:00:41]} 34.
Kd3 {[%clk 00:20:45]} {[%emt 00:00:59]} Bc5 {[%clk 00:06:01]} {[%emt 00:03:16]}
35. a3 {[%clk 00:19:28]} {[%emt 00:01:47]} Ke6 {[%clk 00:04:12]} {[%emt
00:02:19]} 36. b4 {[%clk 00:18:17]} {[%emt 00:01:41]} axb4 {[%clk 00:04:38]}
{[%emt 00:00:05]} 37. axb4 {[%clk 00:18:37]} Bg1 {[%clk 00:03:59]} {[%emt
00:01:18]} 38. Ra5 {[%clk 00:18:03]} h5 {[%clk 00:03:13]} {[%emt 00:02:19]} 39.
Na3 {[%clk 00:13:25]} {[%emt 00:05:46]} h4 40. Ra8 {[%emt 00:02:10]} g5 {[%clk
00:00:56]} {[%emt 00:01:00]} 41. Nb5 {[%clk 00:13:15]} {[%emt 00:00:37]} Kd7
{[%clk 00:11:33]} {[%emt 00:19:55]} 42. Rf8 {[%clk 00:42:37]} {[%emt 00:01:08]}
Ke7 {[%clk 00:11:10]} {[%emt 00:00:53]} 43. Rb8 {[%clk 00:42:31]} {[%emt
00:00:35]} Rb6 {[%clk 00:11:20]} {[%emt 00:00:21]} 44. Nc3 {[%clk 00:41:36]}
{[%emt 00:01:22]} Ra6 {[%clk 00:09:24]} {[%emt 00:02:30]} 45. Rxb7+ {[%clk
00:40:23]} {[%emt 00:01:42]} Kd8 {[%clk 00:09:36]} {[%emt 00:00:18]} 46. Rb5
{[%clk 00:26:29]} {[%emt 00:14:20]} Ra3 {[%clk 00:08:40]} {[%emt 00:01:29]} 47.
Ra5 {[%clk 00:18:58]} {[%emt 00:08:02]} Rb3 {[%clk 00:09:04]} {[%emt 00:00:06]}
48. Kc2 {[%clk 00:14:53]} {[%emt 00:04:32]} Rxb4 {[%clk 00:09:23]} {[%emt
00:00:13]} 49. Ra4 {[%clk 00:14:01]} {[%emt 00:01:20]} Rxa4 {[%clk 00:08:10]}
{[%emt 00:01:45]} 50. Nxa4 {[%clk 00:14:25]} {[%emt 00:00:06]} Bd4 {[%clk
00:07:25]} {[%emt 00:01:14]} 1/2-1/2